The wealth report 2013 (Record no. 113781)
[ view plain ]
| 000 -LEADER | |
|---|---|
| fixed length control field | 01230cad a22002175a 4500 |
| 001 - CONTROL NUMBER | |
| control field | L155734 |
| 008 - FIXED-LENGTH DATA ELEMENTS--GENERAL INFORMATION | |
| fixed length control field | 120412s2013 xxkd f s 000 0 eng d |
| 035 ## - SYSTEM CONTROL NUMBER | |
| System control number | (Sirsi) u155734 |
| 041 0# - LANGUAGE CODE | |
| Language code of text/sound track or separate title | eng |
| 110 2# - MAIN ENTRY--CORPORATE NAME | |
| Corporate name or jurisdiction name as entry element | Knight Frank |
| 9 (RLIN) | 1530 |
| 245 04 - TITLE STATEMENT | |
| Title | The wealth report 2013 |
| Medium | [electronic resource] |
| 260 ## - PUBLICATION, DISTRIBUTION, ETC. | |
| Place of publication, distribution, etc. | London |
| Name of publisher, distributor, etc. | Think Publishing |
| Date of publication, distribution, etc. | 2013 |
| 520 ## - SUMMARY, ETC. | |
| Summary, etc. | Provides commentary on prime global property markets, wealth distribution and the attitudes of the wealthy towards property and investments. Brings annual update to Knight Frank?s unique Prime International Residential Index (PIRI). Luxury Investment Index tracks the increasing popularity of art, fine wines and other ?investments of passion?. This annual publication includes performance data for 100 key global luxury property markets as well as the results of The Wealth Report Attitudes Survey and Knight Frank?s Global Cities Index. |
| 590 ## - LOCAL NOTE (RLIN) | |
| Local note | KA NTK |
| 651 #4 - SUBJECT ADDED ENTRY--GEOGRAPHIC NAME | |
| Geographic name | International |
| 690 ## - LOCAL SUBJECT ADDED ENTRY--TOPICAL TERM (OCLC, RLIN) | |
| Topical term or geographic name as entry element | Residential property |
| 9 (RLIN) | 6266 |
| 690 ## - LOCAL SUBJECT ADDED ENTRY--TOPICAL TERM (OCLC, RLIN) | |
| Topical term or geographic name as entry element | Commercial property |
| 9 (RLIN) | 6227 |
| 710 2# - ADDED ENTRY--CORPORATE NAME | |
| Corporate name or jurisdiction name as entry element | Citi Private Bank |
| 9 (RLIN) | 5312 |
| 856 48 - ELECTRONIC LOCATION AND ACCESS | |
| Uniform Resource Identifier | <a href="https://content.knightfrank.com/research/83/documents/en/2013-1285.pdf">https://content.knightfrank.com/research/83/documents/en/2013-1285.pdf</a> |
| Public note | View the item free of charge at www.knightfrank.com/wealthreport |
| 942 ## - ADDED ENTRY ELEMENTS (KOHA) | |
| Suppress in OPAC | 0 |
| Withdrawn status | Lost status | Source of classification or shelving scheme | Damaged status | Not for loan | Home library | Current library | Shelving location | Date acquired | Total Checkouts | Full call number | Barcode | Date last seen | Copy number | Price effective from | Koha item type |
|---|---|---|---|---|---|---|---|---|---|---|---|---|---|---|---|
| Dewey Decimal Classification | Virtual | Virtual | Online | 12/04/2012 | ONLINE PUBLICATIONI | 155734-2001 | 06/08/2019 | 1 | 06/08/2019 | Book |